000 00669nam a2200193 i 4500
001 50470
003 ES-MaACL
005 20230906162202.0
007 t|
008 030804s1969 sp ||||1| spa d
100 1 _aCypkin, Ja. Z.
_942319
245 1 0 _aTeoría de los servosistemas
_b: de todo o nada /
_cpor Ja. Z. Cypkin ; traducción de Luis Ibáñez Morlán ; revisada por Enrique Freixa Pedrals.
260 _aBarcelona :
_bMontaner y Simón,
_c[1969]
300 _aVIII, 394 p. :
_bil. ;
_c24 cm.
650 0 4 _aServomecanismos.
_917072
700 1 _aIbáñez Morlán, Luis.
_964937
700 1 _aFreixas Pedrals, Enrique.
_952489
852 _aES-MaACL
_jC-37853
999 _c50470
_d50470